00608 2200217 4500001002100000005001500021035002000036007000300056008004100059020001800100082001000118084001600128100003100144245008900175250001000264260003400274300003300308650002200341990001200363990001500375INLIS00000000001283220220706100635 a0010-0722000316ta220706 g 0 ind  a9789795232261 a641.1 a641.1 ACH i0 aACHMAD, Djaeni Sediaoetama1 aIlmu Gizi untuk Mahasiswa dan Profesi Jilid II /cProf Dr. Achmad Djaeni Sediaoetama acet.6 aJakarta :bDian Rakyat,c2009 axiv, 246 hlm ;c14 x 20.5 cm 4aILMU GIZI TERAPAN a1071224 a1071 774Aa